02826cam a22004094i 4500003000900000005001700009008004100026020003200067020003500099035002000134040003300154082002000187100003000207245009200237264006600329300003500395336002100430337002500451338002500476504003900501505083900540505076101379526001002140526001002150526001002160526001002170526000802180526000802188526000802196526000802204526000802212526000802220526000802228650006502236650006902301650004602370PE-LiUPU20250731173118.0200123s1992 miu rb 001 0 eng d a094387257Xq(Volumen I, II) a9780943872575q(Volumen I, II) a(Sirsi) a252799 aPE-LiUPUbspacPE-LiUPUerda04a286.78bG792201 aGreenleaf, Floyd,eautor.14aThe Seventh-Day Adventist church in Latin America and the Caribbean /cFloyd Greenleaf. 1aBerrien Springs, Michigan :bAndrews University Press,c1992. a2 volumes ;c 24 centímetros atext2rdacontent aunmediated2rdamedia aunmediated2rdamedia aIncluye bibliografía e índice.0 aVolumen I,tLet the earth hear his voice.aThe land and the people -- The cutting edge of adventism -- The first institutions -- Fornation of the South American Union, 1906 -- From South American Union to South American Division, 1906- 16 -- Formation and early years of the West Indian Union -- An Organizational Dilemma Becomes the Inter-American Division, 1913-22 -- Mexico: A land set apart -- Through earthquake, fire, and blood -- Grow in South America Despite difficulties, 1916-26 -- South America's era of self-support -- Inter-America's organization and the english-speaking constituency -- To the andes and beyond -- The Indians call from Inter-America -- In expectancy of the gospel -- Trial by ordeal: South America and the despression -- Trial by years: South America and the despression -- South America's heart attack.0 aVolumen II,tBear the news to every land.aThe institutions of growth -- Education-Its form and varieties in South America -- A strong, forward step: 1926-41 -- Widening enterprises in Inter-America: 1922-41 -- Widening services and programs in south and Inter-America -- The 1940's: Years of mid-passage -- Special programs during the a Troubled decade in South America -- South America's institutions begin in the Post-War-Era -- Breakthoughs in education and medicine in Inter-America -- Upgrading South America's education -- Membership explosion in the South American Division -- To rise as on man -- Great than these -- A programan of penetration -- Inter-American mobilizes -- For the body and the mind -- Toward a new humanitarianism -- Retrospect. aSEG42 aSEG41 aSEG40 aSEG39 aP94 aP87 aP86 aP85 aP77 aP76 aP3507aAdventistas del séptimo díazAmérica LatinaxHistoria.04aAdventistas del séptimo díazAmérica del CaribexHistoria.04aAmérica LatinaxHistoria de la iglesia.